Statistiques concernant Culture Générale #4

Cliquez ici pour prendre le quiz!

Statistiques générales

  • Ce quiz a été pris 78 fois
  • Le résultat moyen est 10 sur 15

Statistiques - réponses

QuestionRéponse% Correct
Où se trouve le Parthénon ?Athènes
96%
Quand l'état d'un patient s'améliore après avoir reçu une substance pharmacologiquement inerte, cela s'appelle :Effet placebo
89%
Quelle ville de trouve en Russie ?Aucun d'elles
85%
Quelle est la capitale des Philippines ?Manille
85%
Comment s'appelle une courte immersion des légumes dans de l'eau bouillante ?Blanchiment
68%
Quelle ville a été conquise par l'État islamique en 2014 ?Mossoul
63%
Qu'est ce qu'une alluvion ?Sédiment
63%
Quand un jour reçoit-il le plus ou le moins de lumière du soleil de l'année ?Solstice
63%
Comment s'appelle la larve des mouches ?Asticot
62%
Un abdomen gonflé pourrait être une indication de la :Cirrhose
59%
Qui a écrit Das Kapital ?Karl Marx
59%
Selon l'Ancien Testament, qui est le père fondateur d'Israël ?Abraham
56%
Quelle expression latine signifie "pendant ce temps-là" ?ad interim
44%
Le réalisme socialiste était une doctrine artistique originaire :de l'Union soviétique
34%
Quelle installation est utilisée pour étudier les effets d'un écoulement d'air sur un corps ?Soufflerie
30%

Distribution des résultats

Percentile par nombre de réponses

% des personnes avec chaque résultat

Votre développement - résultats

Vous n’avez pas pris ce quiz